Mot mystérieux - Série 17 - Statistiques

Statistiques générales
  • Ce quiz a été pris 103 fois
  • Le résultat moyen est 8 sur 10
Statistiques - réponses
Indices Mot % Correct
An - Fête - Férié - J Jour
97%
Damoclès - Estoc - Cape- Pointe Epée
94%
Bénitier - Rainette - Cuisse - Coassement Grenouille
93%
Pétale - Couleur -Eau - Noel - Toulouse Rose
81%
Eau - Diane - Courre - Homme - Trésor Chasse
79%
Table - Biche - Bot - Cor - Nez Pied
78%
Jaune - Eclats - Fou - Homérique Rire
71%
Usine - Feu - Atre - Bois Cheminée
67%
Bruyère - Neuve - Vegetale - Planète - Feu Terre
64%
Paillasse - Rivière - Camp - Mariage Lit
61%
Aucun quiz correspondant
Distribution des résultats
% des personnes avec chaque résultat
Percentile par nombre de réponses
Votre historique - résultats
Vous n’avez pas pris ce quiz